| 000 | 00788 a2200145 4500 | ||
|---|---|---|---|
| 001 | 155103 | ||
| 040 | _cEscola São Tomás de Aquino | ||
| 100 | _aSOARS, Liz | ||
| 240 | 1 | 0 |
_aAmerican Headway 3 _lpor |
| 245 | 1 | 0 | _aAmerican Headway 3 |
| 300 | _a93 | ||
| 362 | 0 | _a2009 | |
| 697 | _aLíngua inglesa | ||
| 942 | _cBK | ||
| 999 |
_c155103 _d155103 |
||